Quizz Naruto Shippuden (Tous les chapitres) - Statistiques

Statistiques générales
  • Ce quiz a été pris 1 206 fois
  • Le résultat moyen est 9 sur 15
Statistiques - réponses
Question Réponse % Correct
Quel cadeau Hinata veut offrir à Naruto durant le film Naruto - The last ? Une écharpe faite main
81%
Comment se nomme le Serpent que Sasuke invoque ? Aoda
76%
Comment se nomme le jumeau de Ginkaku ? Kinkaku
75%
Comment se nomme l'hôte du démon à 4 queues Son Goku (le singe) ? Roshi
71%
De quelle couleur est le Susanoo de Madara Uchiha ? Bleu
69%
Comment se nomme le chef des Samurai ? Mifune
67%
Comment s'appelle le frère de Sai ? Shin
66%
Quelle est la date d'anniversaire de Naruto ? 10 Octobre
60%
Comment Sasuke a obtenu "Le Mangekyu Sharingan Eternel" ? Après que Tobi lui ai transféré les yeux de Itachi
56%
Comment se nomme la nature de chakra qui permet de manipuler le Crystal ? Shoton
52%
Quel est le sceau sur le front de Neji ? Sceau de l'oiseau en cage
46%
Quel ninja a tué Kakuzu ? Kakashi
44%
Que signifie Konohagakure ? Le village caché par les feuilles d'arbres
43%
Quel est le nom de la rivière dans laquelle Shisui Uchiha s'est suicidé ? La rivière Naka
35%
Quel est le surnom de l'ennemi final Kaguya ? La déesse lapin
17%
Aucun quiz correspondant
Distribution des résultats
% des personnes avec chaque résultat
Percentile par nombre de réponses
Votre historique - résultats
Vous n’avez pas pris ce quiz